| 000 | 01601nam a22004337a 4500 | ||
|---|---|---|---|
| 001 | 000103982 | ||
| 003 | CHAP | ||
| 005 | 20220329143707.0 | ||
| 008 | 110204s2010 mx r 00010 spa d | ||
| 010 | _a100444 | ||
| 011 | _a101416 | ||
| 035 | _a112104 | ||
| 040 | _cCHAP | ||
| 090 | _aTesis | ||
| 100 | 1 |
_aRubio Méndez, Gabriel. _9100487 |
|
| 245 | 1 | 0 |
_aEstructura poblacional de Dioon edule Lindl. (Zamiaceae) en la Sierra Madre Oriental del Estado de San Luis Potosí / _c/por Gabriel Rubio Méndez. |
| 260 |
_aSan Luis Potosí, S.L.P. Méx. : _bEl autor, _c2010. |
||
| 300 |
_a39 h. : ; _cilus., cuadros, gráfs. |
||
| 502 | _aTesis (Ing. Agroindustrial) -- UASLP. Facultad de Ingeniería | ||
| 590 |
_aALEPH _b10 _c20130110 _lUCH01 _h1539 |
||
| 590 |
_aBATCH-UPD _b10 _c20130110 _lUCH01 _h0900 |
||
| 590 |
_aBATCH-UPD _b10 _c20130410 _lUCH01 _h0529 |
||
| 590 |
_aBATCH-UPD _b10 _c20130914 _lUCH01 _h0724 |
||
| 590 |
_aBATCH-UPD _b10 _c20140324 _lUCH01 _h1523 |
||
| 590 |
_aBATCH-UPD _b10 _c20141002 _lUCH01 _h0847 |
||
| 590 |
_aCONVERSION _b10 _c20130109 _lUCH01 _h1355 |
||
| 590 |
_aE11695DGD _b10 _c20141006 _lUCH01 _h1105 |
||
| 590 |
_aE12093SGE _b10 _c20130718 _lUCH01 _h1021 |
||
| 650 | 1 | 4 |
_aBosques _xSan Luis Potosí. _914384 |
| 650 | 1 | 4 |
_aHuastecas. _956587 |
| 650 | 1 | 4 |
_aPalmas _xSan Luis Potosí. _984982 |
| 650 | 1 | 4 |
_aPlantas _xComunidades. _988800 |
| 650 | 1 | 4 |
_aZamiaceae. _9123504 |
| 856 |
_3Finding aid _uhttp://10.13.5.2/tesis/112104.pdf _zTeclea aquí |
||
| 901 | _aBK | ||
| 942 | _cTESIS | ||
| 942 | _n0 | ||
| 949 |
_aTesis _bBC _cTES _d33724002233561 _eTS1 _gDonaciØn _h51923 _i112104 _sb |
||
| 999 |
_c100444 _d100444 |
||